[Event "Heraklion Gazi op 12th"]
[Site "Malevizi"]
[Date "2016.08.04"]
[Round "8"]
[White "Atovmian, Artem"]
[Black "Hristidis, Savas"]
[Result "1-0"]
[WhiteElo "1743"]
[BlackElo "1958"]
[PlyCount "83"]
[EventDate "2016.07.28"]
[EventType "swiss"]
[EventRounds "9"]
[EventCountry "GRE"]
[SourceTitle "CBM 173 Extra"]
[Source "ChessBase"]
[SourceDate "2016.08.29"]
[SourceVersion "1"]
[SourceVersionDate "2016.08.29"]
[SourceQuality "1"]

1. e4 c5 2. Nf3 d6 3. d4 cxd4 4. Nxd4 Nf6 5. Nc3 Nc6 6. Be3 e5 7. Nb3 Be7 8. Be2 Be6 9. Bf3 0-0 10. 0-0 a5 11. Nd5 a4 12. Nd2 Bxd5 13. exd5 Nb4 14. Bb6 Qd7 15. c4 Bd8 16. Be3 Qf5 17. Kh1 Re8 18. g4 Qc2 19. g5 Nd7 20. Ne4 Ra6 21. Rc1 Qxd1 22. Bxd1 Nd3 23. Rb1 N7c5 24. Nxc5 Nxc5 25. b4 axb3 26. axb3 Ne4 27. Bc2 Nxg5 28. Ra1 Nf3 29. Rxa6 bxa6 30. Ra1 a5 31. Bd1 e4 32. Bf4 Ne5 33. Bd2 Nd3 34. Kg2 Bb6 35. Bxa5 Bxf2 36. Bc2 Bd4 37. Rd1 Nf4+ 38. Kf1 e3 39. Rxd4 e2+ 40. Kf2 e1Q+ 41. Bxe1 Re2+ 42. Kf1 1-0

[Event "Heraklion Gazi op 12th"]
[Site "Malevizi"]
[Date "2016.07.29"]
[Round "2"]
[White "Rychagov, Andrey"]
[Black "Hristidis, Savas"]
[Result "1-0"]
[WhiteElo "2558"]
[BlackElo "1958"]
[PlyCount "59"]
[EventDate "2016.07.28"]
[EventType "swiss"]
[EventRounds "9"]
[EventCountry "GRE"]
[SourceTitle "CBM 173 Extra"]
[Source "ChessBase"]
[SourceDate "2016.08.29"]
[SourceVersion "1"]
[SourceVersionDate "2016.08.29"]
[SourceQuality "1"]

1. d4 Nf6 2. c4 g6 3. Nc3 d5 4. Nf3 Bg7 5. cxd5 Nxd5 6. Bg5 Nb6 7. e3 0-0 8. Be2 Nc6 9. 0-0 h6 10. Bh4 Be6 11. Ne4 Rb8 12. Nc5 Bd7 13. Rc1 a6 14. Qb3 Be8 15. Rfd1 Qd5 16. Qxd5 Nxd5 17. Bg3 f5 18. Bc4 Bf7 19. Nd7 Rbd8 20. Nxf8 Kxf8 21. Bxa6 Nxd4 22. exd4 bxa6 23. Be5 Bxe5 24. Nxe5 Rd6 25. Rc6 Nb4 26. Rxd6 cxd6 27. Nxf7 Kxf7 28. a3 Nd5 29. Rc1 Nf4 30. Rc6 1-0

[Event "GRE-chT 37th"]
[Site "Kallithea"]
[Date "2009.07.06"]
[Round "6"]
[White "Hristidis, Savas"]
[Black "Lagos, Hristos"]
[Result "1-0"]
[WhiteElo "1812"]
[BlackElo "1883"]
[PlyCount "112"]
[EventDate "2009.07.03"]
[EventType "team-tourn"]
[EventRounds "9"]
[EventCountry "GRE"]
[SourceTitle "CBM 131 Extra"]
[Source "ChessBase"]
[SourceDate "2009.09.03"]
[SourceVersion "2"]
[SourceVersionDate "2009.09.16"]
[SourceQuality "1"]

1. e4 c5 2. Nf3 e6 3. d4 cxd4 4. Nxd4 Nf6 5. Nc3 d6 6. Bg5 Be7 7. f4 Qb6 8. Qd2 0-0 9. 0-0-0 e5 10. Nb3 h6 11. Bxf6 Bxf6 12. Nd5 Qd8 13. Kb1 exf4 14. Nxf6+ Qxf6 15. Qxd6 Qxd6 16. Rxd6 Nc6 17. Bb5 Re8 18. Rxc6 bxc6 19. Bxc6 Ba6 20. Bxa8 Rxa8 21. Rd1 f3 22. gxf3 Be2 23. Rd7 Bxf3 24. Nd2 Bg4 25. Rd4 g5 26. c4 f5 27. exf5 Bxf5+ 28. Kc1 Kf7 29. Ne4 Ke6 30. Kd2 Bxe4 31. Rxe4+ Kf5 32. Ke3 g4 33. b4 h5 34. Re7 h4 35. c5 Rh8 36. Kf2 Rd8 37. c6 Rd2+ 38. Re2 g3+ 39. hxg3 hxg3+ 40. Kf1 g2+ 41. Rxg2 Rd1+ 42. Ke2 Rc1 43. b5 Rc2+ 44. Kf3 Rc3+ 45. Kf2 Rc2+ 46. Kg3 Rc3+ 47. Kh4 Ke6 48. Rd2 Rc4+ 49. Kg3 a6 50. a4 Ke7 51. Rb2 Kd8 52. b6 Kc8 53. c7 Kb7 54. a5 Rc5 55. Rd2 Rb5 56. Rc2 Kc8 1-0

[Event "GRE-chT 37th"]
[Site "Kallithea"]
[Date "2009.07.05"]
[Round "3"]
[White "Makropoulos, Ioannis"]
[Black "Hristidis, Savas"]
[Result "1/2-1/2"]
[WhiteElo "1860"]
[BlackElo "1812"]
[PlyCount "80"]
[EventDate "2009.07.03"]
[EventType "team-tourn"]
[EventRounds "9"]
[EventCountry "GRE"]
[SourceTitle "CBM 131 Extra"]
[Source "ChessBase"]
[SourceDate "2009.09.03"]
[SourceVersion "2"]
[SourceVersionDate "2009.09.16"]
[SourceQuality "1"]

1. e4 c5 2. Na3 Nc6 3. Bb5 d6 4. c3 Nf6 5. d3 g6 6. f4 Bg7 7. Nf3 0-0 8. 0-0 a6 9. Bxc6 bxc6 10. h3 a5 11. Nh4 Ba6 12. Re1 e5 13. Nf3 Nh5 14. f5 d5 15. g4 dxe4 16. dxe4 Qxd1 17. Rxd1 Be2 18. Re1 Bxf3 19. gxh5 gxf5 20. h6 fxe4 21. hxg7 Kxg7 22. Be3 f5 23. Bxc5 Rf6 24. Kf2 f4 25. Nc4 Re8 26. Nd6 Rxd6 27. Bxd6 Kf6 28. Bc7 a4 29. c4 Kf5 30. Rac1 Bh5 31. Rc3 e3+ 32. Rcxe3 fxe3+ 33. Kxe3 e4 34. Rg1 Bg6 35. h4 Ke6 36. Rg5 Ra8 37. h5 Bf5 38. Kf4 Rf8 39. Ke3 Ra8 40. Bb6 Rb8 1/2-1/2

[Event "Nikaia op 16th"]
[Site "Nikaia"]
[Date "2008.08.29"]
[Round "5"]
[White "Hristidis, Savas"]
[Black "Grigoriadis, Alexandros"]
[Result "0-1"]
[WhiteElo "1797"]
[BlackElo "2417"]
[PlyCount "60"]
[EventDate "2008.08.25"]
[EventType "swiss"]
[EventRounds "9"]
[EventCountry "GRE"]
[SourceTitle "CBM 126 Extra"]
[Source "ChessBase"]
[SourceDate "2008.11.05"]
[SourceVersion "1"]
[SourceVersionDate "2008.11.05"]
[SourceQuality "1"]

1. e4 c5 2. d4 cxd4 3. c3 dxc3 4. Nxc3 Nc6 5. Nf3 d6 6. Bc4 e6 7. 0-0 Nf6 8. Qe2 Be7 9. Rd1 e5 10. h3 0-0 11. Be3 Be6 12. Rac1 Rc8 13. Bb5 Qa5 14. Bd2 Nd4 15. Nxd4 exd4 16. Nd5 Qd8 17. Rxc8 Bxc8 18. Nxe7+ Qxe7 19. f3 Qe5 20. Bd3 Nh5 21. Qf2 g5 22. Rc1 Be6 23. Rc7 Rc8 24. Rxb7 Bc4 25. Bxc4 Rxc4 26. Rxa7 Nf4 27. Ra5 d5 28. Bxf4 Qxf4 29. Qe2 Qc1+ 30. Kh2 Rc2 0-1

[Event "Heraklio op-A 11th"]
[Site "Heraklion"]
[Date "2007.06.13"]
[Round "5"]
[White "Stefanidi, Maria Anna"]
[Black "Hristidis, Savas"]
[Result "1-0"]
[WhiteElo "2085"]
[BlackElo "1861"]
[PlyCount "59"]
[EventDate "2007.06.09"]
[EventType "swiss"]
[EventRounds "9"]
[EventCountry "GRE"]
[SourceTitle "EXT 2008"]
[Source "ChessBase"]
[SourceDate "2007.11.25"]
[SourceVersion "1"]
[SourceVersionDate "2007.11.25"]
[SourceQuality "1"]

1. e4 c5 2. Nf3 Nc6 3. d4 cxd4 4. Nxd4 Qc7 5. c4 Nf6 6. Nc3 a6 7. Be2 e6 8. 0-0 Bb4 9. Nxc6 Qxc6 10. e5 Bxc3 11. bxc3 Ne4 12. Qd4 f5 13. exf6 Nxf6 14. Rb1 0-0 15. c5 Qe4 16. Bd3 Qxd4 17. cxd4 Nd5 18. Bd2 Rb8 19. Bc4 Nf4 20. g3 Ng6 21. Bxa6 Ra8 22. Bc4 Ra4 23. Rb4 Ra3 24. f4 b5 25. cxb6 Bb7 26. Rb2 Ra4 27. Bb4 Rfa8 28. a3 Bc6 29. Rc1 Kf7 30. f5 1-0